Immune Checkpoint Molecules and Cancer Immunotherapy (Record no. 8828)
[ view plain ]
| 000 -LEADER | |
|---|---|
| fixed length control field | 00652nam a2200133Ia 4500 |
| 008 - FIXED-LENGTH DATA ELEMENTS--GENERAL INFORMATION | |
| fixed length control field | 220615s9999||||xx |||||||||||||| ||und|| |
| 022 ## - INTERNATIONAL STANDARD SERIAL NUMBER | |
| International Standard Serial Number | 16648714 |
| 100 ## - MAIN ENTRY--PERSONAL NAME | |
| Personal name | Alexandr V. Bazhin||Amedeo Amedei||Svetlana Karakhanova |
| 245 #0 - TITLE STATEMENT | |
| Title | Immune Checkpoint Molecules and Cancer Immunotherapy |
| 546 ## - LANGUAGE NOTE | |
| Language note | English[eng] |
| 650 ## - SUBJECT ADDED ENTRY--TOPICAL TERM | |
| Topical term or geographic name entry element | CTLA-4 (CD152)||checkpoint blockade||Immunosuppression||cancer immunotherapy||PD-1 (CD279)||Tumor Microenvironment||Metabolic checkpoints||immune checkpoint molecules||cytotoxic T lymphocytes||PDL1 |
| 856 ## - ELECTRONIC LOCATION AND ACCESS | |
| Uniform Resource Identifier | <a href="https://www.frontiersin.org/research-topics/6553/immune-checkpoint-molecules-and-cancer-immunotherapy">https://www.frontiersin.org/research-topics/6553/immune-checkpoint-molecules-and-cancer-immunotherapy</a> |
| 942 ## - ADDED ENTRY ELEMENTS (KOHA) | |
| Koha item type | E-Books |
| Withdrawn status | Lost status | Damaged status | Not for loan | Home library | Current library | Date acquired | Total Checkouts | Date last seen | Price effective from | Koha item type |
|---|---|---|---|---|---|---|---|---|---|---|
| Kerala University of Digital Sciences, Innovation and Technology Knowledge Centre | Kerala University of Digital Sciences, Innovation and Technology Knowledge Centre | 15/06/2022 | 15/06/2022 | 15/06/2022 | E-Books |